| 000 | 00000nam 2200000za 4500 |
| 001 | 9.581416 |
| 003 | CaOODSP |
| 005 | 20230602132120 |
| 007 | cr ||||||||||| |
| 008 | 150406|2014||||xxc|||||o f|0| 0 eng d |
| 022 | |a1919-5087 |
| 040 | |aCaOODSP|beng |
| 043 | |an-cn--- |
| 086 | 1 |aFs70-6/2014-013E-PDF |
| 110 | 1 |aCanada. |bDepartment of Fisheries and Oceans. |
| 245 | 10|aGuidance on assessing threats, ecological risk and ecological impacts for species at risk |h[electronic resource] |
| 260 | |aNanaimo - British Columbia : |bFisheries and Oceans Canada |cDecember 2014. |
| 300 | |a21p.|bfigs., tables |
| 490 | 1 |aCanadian Science Advisory Secretariat science advisory report |x1919-5087|v2014/013, National Capital Region |
| 590 | |a15-03|b2015-01-16 |
| 775 | 08|tLignes directrices sur l'évaluation des menaces, des risques écologiques et des répercussions écologiques pour les espèces en péril |w(CaOODSP)9.608242 |
| 830 | #0|aScience advisory report (Canadian Science Advisory Secretariat)|x1919-5087|v2014/013, National Capital Region|w(CaOODSP)9.506226 |
| 856 | 40|ahttp://publications.gc.ca|qPDF|s512 KB|uhttps://publications.gc.ca/collections/collection_2015/mpo-dfo/Fs70-6-2014-013-eng.pdf|y2014/013, National Capital Region |